Loading...
| Mythology | 0 | 8 | 0 | 0 | 80 | 56 | 66.50 | 3 | 8 | 31.89 | 52.98 |
| History - American | 0 | 7 | 0 | 0 | 70 | 52 | 61.86 | 3 | 6 | 29.32 | 59.29 |
| History - European | 0 | 6 | 1 | 0 | 55 | 22 | 53.17 | 3 | 5 | 29.42 | 49.40 |
| History - Other | 0 | 5 | 1 | 0 | 45 | 43 | 69.80 | 1 | 5 | 18.19 | 39.76 |
| Religion | 0 | 4 | 0 | 0 | 40 | 31 | 57.00 | 3 | 4 | 20.32 | 38.33 |
| Philosophy | 0 | 4 | 1 | 0 | 35 | 16 | 31.00 | 4 | 4 | 31.25 | 44.44 |
| Fine Arts - Painting and Sculpture | 0 | 4 | 2 | 0 | 30 | 78 | 83.50 | 0 | 2 | 11.91 | 22.14 |
| Science - Other | 0 | 2 | 0 | 0 | 20 | 36 | 65.00 | 1 | 2 | 7.20 | 15.00 |
| History - World | 0 | 2 | 0 | 0 | 20 | 58 | 63.50 | 1 | 2 | 7.87 | 18.33 |
| Literature - British | 0 | 2 | 0 | 0 | 20 | 88 | 89.00 | 0 | 1 | 4.52 | 9.29 |
| Literature - European | 0 | 2 | 1 | 0 | 15 | 36 | 65.50 | 1 | 2 | 9.18 | 16.67 |
| Literature - World | 0 | 2 | 1 | 1 | 15 | 82 | 84.00 | 1 | 2 | 6.10 | 18.57 |
| Social Science | 0 | 1 | 0 | 0 | 10 | 58 | 58.00 | 1 | 1 | 6.68 | 14.29 |
| Geography | 0 | 1 | 0 | 1 | 10 | 106 | 106.00 | 0 | 1 | 0.00 | 8.33 |
| Literature - American | 0 | 1 | 0 | 1 | 10 | 116 | 116.00 | 0 | 0 | 0.00 | 1.43 |
| Current Events | 0 | 1 | 0 | 0 | 10 | 65 | 65.00 | 0 | 1 | 7.13 | 13.33 |
| Fine Arts - Other | 0 | 1 | 1 | 0 | 5 | 114 | 114.00 | 0 | 0 | 1.02 | 3.33 |